Sistema d'informació socioeconòmica local Hermes
Descripción Física:
1 tríptic ; 30 x 21 cm
Materias:
Sistemes d'informació per a la gestió
MARC
| LEADER | 00000nam a2200000Ia 4500 | ||
|---|---|---|---|
| 001 | 24406 | ||
| 008 | 160829s9999 xx 000 0 cat d | ||
| 080 | |a FU-66-7 | ||
| 245 | |a Sistema d'informació socioeconòmica local Hermes | ||
| 260 | |a Barcelona : |b Diputació de Barcelona. Àrea de Promoció Econòmica i Habitatge, [1999] | ||
| 300 | |a 1 tríptic ; |c 30 x 21 cm | ||
| 650 | |a Sistemes d'informació per a la gestió |9 50403 | ||
| 710 | 1 | |a Barcelona (Catalunya : Província). |b Àrea de Promoció Econòmica i Habitatge |9 55035 | |
| 901 | |a Arxiu | ||
| 942 | |n 1 | ||
| 952 | |0 0 |1 0 |4 0 |6 FU667 |7 1 |9 56012 |a Arxiu |b Arxiu |d 2016-12-01 |l 0 |o FU-66-7 |p 24406 |r 2016-12-01 00:00:00 |w 2016-12-01 |y ARXIU | ||
| 999 | |c 59886 |d 59886 | ||